1557 1406 1490 1294 1031 1591 1945 1936 1927 1008 1305 1420 1137 1332 1302 1270 1552 1949 1314 1101 1198 1286 1708 1151 1157 1245 1007 1351 1305 1946 1398 1467 1892 1993 1658 1551 1787 1999 1059 1129 1308 1679 1039 1460 1714 1953 1621 1063 1836 1718 1149 1349 1106 1431 1497 1383 1936 1120 1092 1320 1986 1919 1693 1119 1037 1022 1106 1122 1720 1378 1114 1022 1824 1024 1723 1723 1618 1316 1624 1841 1273 1847 1234 1592 1523 1171 1732 1687 1336 1471 1056 1768 1836 1986 1519 1119 1689 1172 1936 BCNSPRNW ULIB Ver.6.0+V

เปลี่ยนเป็นภาษาไทย

Change to English
 แสดงรายละเอียดบรรณานุกรม
  กลับหน้าหลัก

Brief Record : Get Marc (ISO 2709) : E-mail record : QR code < ปิดหน้าต่าง
LEADER : 00000nam 2200000uu 4500
001    13399127118
003     ULIB
008    191016s2017||||th 000 0 tha d
020    ^a9781316636688 (pbk.)
050  4 ^aPE1128^bM663
245 00 ^aMindset for IELTS :^ban official Cambridge IELTS course.^nFoundation,^pStudent s book /^cGreg Archer ... [et al.]
246 30 ^aCambridge English.^pMindset for IELTS :^ban officialCambridge IELTS course.^nFoundation, Student s book
250    ^a1st ed.
260    ^a[Cambridge] :^bCambridge University Press,^c2017
300    ^a135 p. :^bcol. ill. ;^c28 cm.
505 0  ^aDaily life -- House and home -- Hobbies, leisure andentertainment -- Travel and holidays -- Food -- Transportand places in town -- Jobs, work and study -- Health andmedicine -- Language -- Science and technology
650  0 ^aInternational English Language Testing System
650  0 ^aEnglish language^vTextbooks for foreign speakers
650  0 ^aEnglish language^vExaminations, questions, etc.
650  0 ^aEnglish language^xExaminations
653    ^aIELTS
700 1  ^aArcher, Greg
945    ^p849^l0^i006308
999    ^aประนอม เกษจรัล
รายการนี้ยังไม่มีแท็ก
คุณยังไม่ได้ล็อกอิน คุณสามารถมีกิจกรรมร่วมกับเว็บไซต์ได้ แต่ต้องล็อกอินก่อน ::
  ล็อกอิน

รายการสื่อสารสนเทศ

ลำดับที่ ประเภท เลขเรียก/บาร์โค้ด สถานที่ สถานะ
1. การศึกษาทั่วไป
การศึกษาทั่วไป
PE1128 M663 ฉ.1 
  Barcode: 006308
ห้องสมุดวิทยาเขตสวรรค์ประชารักษ์
►หนังสือทั่วไป
บนชั้น

รายการใกล้เคียง
    หัวเรื่อง [International English Language Testing System]

BibComment


ยังไม่เคยถูกคอมเมนท์

คอมเมนท์ทรัพยากรรายการนี้
  คอมเมนท์: Mindset for IELT..


 Copyright 2026. Bcnsprnw @Library